[Event "3rd Terre degli Elimi"]
[Site "Erice ITA"]
[Date "2012.07.27"]
[Round "3"]
[White "Epishin,V"]
[Black "Fabiano,G"]
[Result "1-0"]
[WhiteElo "2576"]
[BlackElo "2113"]

1.d4 Nf6 2.c4 g6 3.Nc3 Bg7 4.e4 d6 5.Nf3 O-O 6.Be2 Nbd7 7.O-O e5 8.Re1 Re8
9.d5 Nc5 10.Bg5 a5 11.Nd2 c6 12.Rb1 Bd7 13.b3 Qb8 14.a3 cxd5 15.exd5 Bf5
16.Rc1 h5 17.b4 axb4 18.axb4 Ncd7 19.h3 Nh7 20.Be3 Ndf6 21.c5 Bf8 22.Nc4 Ne4
23.Nb5 Ra6 24.Nbxd6 Rxd6 25.Nxd6  1-0

[Event "23rd Czech Open A"]
[Site "Pardubice CZE"]
[Date "2012.07.27"]
[Round "8.2"]
[White "Plat,V"]
[Black "Nisipeanu,LD"]
[Result "1/2-1/2"]
[WhiteElo "2492"]
[BlackElo "2648"]

1.Nf3 Nf6 2.c4 g6 3.Nc3 Bg7 4.e4 d6 5.Be2 O-O 6.d4 e5 7.dxe5 dxe5 8.Qxd8 Rxd8
9.Bg5 Nbd7 10.O-O-O Rf8 11.h3 Nc5 12.Bd3 Be6 13.b3 Nfd7 14.Be3 f6 15.Bc2 a5
16.Nd5 Na6 17.g4 Rad8 18.Rd2 Rde8 19.a3 c6 20.Nc3 Rf7 21.Ng1 Bf8 22.Kb2 Bc5
23.Bxc5 Naxc5 24.Nge2 Nb6 25.a4 Rd7 26.Rxd7 Nbxd7 27.f4 exf4 28.Nxf4 Ne5
29.Nce2 Rd8 30.Kc3 Bf7 31.Nd4 Kf8 32.Rf1 Ke7 33.Nf3 Nxf3 34.Rxf3 Ne6 35.Nd3 Nd4
36.Rf2 Be6 37.Nf4 b5 38.axb5 cxb5 39.Nd5+  1/2-1/2

[Event "PAB Romania Open 2012"]
[Site "Arad ROU"]
[Date "2012.07.28"]
[Round "2.21"]
[White "Baltag,I"]
[Black "Lupascu,M"]
[Result "1-0"]
[WhiteElo "2396"]
[BlackElo "1991"]

1.Nf3 Nf6 2.c4 g6 3.Nc3 Bg7 4.e4 d6 5.d4 O-O 6.Be2 Na6 7.O-O e5 8.Be3 Ng4
9.Bg5 f6 10.Bc1 Nh6 11.h3 Nf7 12.Be3 Re8 13.Qc2 c6 14.Rad1 Qc7 15.c5 dxc5
16.dxe5 Nxe5 17.Nxe5 Qxe5 18.Bxa6 bxa6 19.f4 Qe7 20.Qf2 Bf8 21.Rd2 Be6 22.Rfd1 Rad8
23.Rxd8 Rxd8 24.Rxd8 Qxd8 25.Bxc5 Bxc5 26.Qxc5 Qb6 27.Qf2 Kf8 28.b3 Qxf2+
29.Kxf2 Ke7 30.Ke3 Kd6 31.Kd4 c5+ 32.Ke3 a5 33.Kd3 a6 34.Na4 Bd7 35.Nb2 Kc6
36.a4 h6 37.Nc4 g5 38.f5 Be8 39.e5 Kd5 40.exf6 h5 41.g4 h4 42.Nd2 Ke5 43.Ne4  1-0

[Event "21st Kavala Open A"]
[Site "Kavala GRE"]
[Date "2012.07.28"]
[Round "5"]
[White "Sethuraman,S"]
[Black "Saric,S"]
[Result "1-0"]
[WhiteElo "2535"]
[BlackElo "2462"]

1.d4 Nf6 2.c4 g6 3.Nc3 Bg7 4.e4 d6 5.Nf3 O-O 6.Be2 e5 7.O-O Na6 8.Be3 Ng4
9.Bg5 f6 10.Bc1 Nh6 11.Rb1 Nf7 12.b4 exd4 13.Nxd4 Nxb4 14.Rxb4 c5 15.Ne6 Bxe6
16.Rxb7 Re8 17.Be3 Qc8 18.Rb3 Bd7 19.h4 Bc6 20.h5 Rb8 21.hxg6 hxg6 22.Nb5 Qd7
23.Rd3 Bxe4 24.Nxd6 Bxd3 25.Nxe8 Rxe8 26.Qxd3 Qxd3 27.Bxd3 Ne5 28.Be4 Kh7
29.Bd5 Rc8 30.Rb1 Rc7 31.Rb5 Bf8 32.a4 Bd6 33.f3 Nd7 34.a5 Kg7 35.Kf2 Kf8
36.g4 Ke8 37.f4 f5 38.g5 Nf8 39.Rb8+ Kd7 40.a6 Rc8 41.Rb1 Be7 42.Bd2 Bd6
43.Rb7+ Rc7 44.Rb5 Rc8 45.Ba5 Bc7 46.Rb7 Kd6 47.Bc3 Nd7 48.Rxa7 Rb8 49.Be5+ Nxe5
50.fxe5+ Kd7 51.Rxc7+  1-0

[Event "23rd Czech Open A"]
[Site "Pardubice CZE"]
[Date "2012.07.28"]
[Round "9.48"]
[White "Jorczik,J"]
[Black "Tomazini,Z"]
[Result "1-0"]
[WhiteElo "2399"]
[BlackElo "2292"]

1.d4 Nf6 2.Nf3 g6 3.c4 Bg7 4.Nc3 O-O 5.e4 d6 6.Be2 Na6 7.O-O e5 8.Be3 Ng4
9.Bg5 Qe8 10.dxe5 dxe5 11.h3 f6 12.Bd2 Nh6 13.Be3 c6 14.c5 f5 15.Bxh6 Bxh6
16.Qd6 Be6 17.Bxa6 Rd8 18.Qxe5 Bg7 19.Qf4 bxa6 20.e5 Qe7 21.b4 Rd3 22.Rac1 Rfd8
23.Rfe1 a5 24.a3 axb4 25.axb4 h6 26.h4 a5 27.bxa5 Qxc5 28.Na4 Qe7 29.Nc5 R3d5
30.Nxe6 Qxe6 31.a6 c5 32.Qc4 Kh7 33.Rcd1 Qc6 34.Rxd5 Rxd5 35.e6 Rd8 36.e7 Re8
37.a7 Qd7 38.Qa2 Bc3 39.Qf7+  1-0

[Event "23rd Czech Open A"]
[Site "Pardubice CZE"]
[Date "2012.07.28"]
[Round "9.123"]
[White "Skacel,J"]
[Black "Yankelevich,L"]
[Result "0-1"]
[WhiteElo "2105"]
[BlackElo "2147"]

1.d4 Nf6 2.c4 g6 3.Nc3 Bg7 4.e4 d6 5.Nf3 O-O 6.Be2 Nbd7 7.O-O e5 8.Re1 Re8
9.d5 Nc5 10.Bf1 a5 11.h3 c6 12.Qc2 cxd5 13.cxd5 Bd7 14.Nb5 Rc8 15.Bg5 Qb6
16.Bxf6 Bxf6 17.Nc3 a4 18.Qd2 Bg7 19.Rab1 Rc7 20.b4 axb3 21.axb3 Rec8 22.Na4 Qa7
23.Nxc5 Qxc5 24.b4 Qb6 25.Bd3 Rc3 26.Rb2 Qd8 27.Rc1  0-1

[Event "23rd Czech Open A"]
[Site "Pardubice CZE"]
[Date "2012.07.28"]
[Round "9.30"]
[White "Lalic,B"]
[Black "Belyakov,B"]
[Result "1/2-1/2"]
[WhiteElo "2495"]
[BlackElo "2375"]

1.d4 Nf6 2.c4 g6 3.Nc3 Bg7 4.e4 O-O 5.Nf3 d6 6.Be2 e5 7.O-O c6 8.Re1 Nbd7
9.Bf1 Re8 10.d5 Qc7 11.Rb1 a6 12.Bd2 Nb6 13.Rc1 a5 14.h3 Qe7 15.Bg5 Qf8 16.Qd2 Bd7
17.dxc6 Bxc6 18.Rcd1 h6 19.Bh4 g5 20.Bg3 Na4 21.Nd5 Nxd5 22.cxd5 Bd7 23.Nh2 Nc5
24.f3 f5 25.exf5 Bxf5 26.Bb5 Red8 27.Bf2 b6 28.Nf1 Bg6 29.Ng3 Qf4 30.Ne4 Ra7
31.Be3 Qf8 32.Nc3 Rb8 33.Rf1 Rf7 34.Rc1 Qe7 35.Rce1 Rbf8 36.a3 Qc7 37.Qd1 e4
38.fxe4 Rxf1+ 39.Rxf1 Rxf1+ 40.Qxf1  1/2-1/2

[Event "Rapid Match"]
[Site "Poznan POL"]
[Date "2012.07.28"]
[Round "1"]
[White "Wojtaszek,R"]
[Black "Jobava,Ba"]
[Result "0-1"]
[WhiteElo "2717"]
[BlackElo "2730"]

1.d4 Nf6 2.c4 g6 3.Nc3 Bg7 4.e4 d6 5.Nf3 O-O 6.Be2 Na6 7.O-O e5 8.Re1 c6
9.Be3 h6 10.dxe5 Ng4 11.Bc1 Nxe5 12.Nd4 h5 13.Be3 Ng4 14.Bxg4 hxg4 15.Qd2 Be5
16.Rad1 Qe7 17.Bf4 Nc5 18.Nb3 Nd3 19.Bxe5 Nxe5 20.Qxd6 Qxd6 21.Rxd6 Nxc4
22.Rd4 Ne5 23.Red1 b6 24.Rd6 Kg7 25.Nd4 c5 26.Ndb5 Nc4 27.Rc6 Nxb2 28.Rc1 Rd8
29.Nd6 Be6 30.h3 gxh3 31.gxh3 Rd7 32.Ndb5 Rh8 33.Nc7 Bxh3 34.N7d5 Nd3 35.Rd1 Ne5  0-1

[Event "Washington International 2012"]
[Site "Rockville USA"]
[Date "2012.07.28"]
[Round "2"]
[White "Friedel,J"]
[Black "Liang,Awonder"]
[Result "1-0"]
[WhiteElo "2503"]
[BlackElo "1922"]

1.c4 g6 2.Nc3 Bg7 3.d4 Nf6 4.e4 d6 5.Nf3 O-O 6.Be2 e5 7.Be3 Nc6 8.d5 Ne7
9.Nd2 Nd7 10.b4 f5 11.f3 f4 12.Bf2 Nf6 13.c5 g5 14.Nc4 b6 15.a4 Ba6 16.b5 Bc8
17.cxd6 cxd6 18.a5 bxa5 19.Rxa5 a6 20.Qa1 g4 21.bxa6 g3 22.Bb6 Qd7 23.hxg3 fxg3
24.Be3 Qd8 25.Nb6  1-0

[Event "ch-AUT 2012"]
[Site "Zwettl AUT"]
[Date "2012.07.28"]
[Round "8.16"]
[White "Bezler,R"]
[Black "Rogetzer,K"]
[Result "1/2-1/2"]
[WhiteElo "2242"]
[BlackElo "2083"]

1.d4 Nf6 2.Nf3 g6 3.c4 Bg7 4.Nc3 d6 5.e4 O-O 6.Be2 e5 7.O-O exd4 8.Nxd4 Re8
9.f3 Nc6 10.Nc2 Nh5 11.Nd5 f5 12.Rf2 Be6 13.g4 Nf6 14.exf5 gxf5 15.Bg5 Bxd5
16.cxd5 Ne5 17.gxf5 Nf7 18.Bh4 c6 19.Nd4 Qb6 20.dxc6 Ne4 21.Rg2 Kh8 22.Rxg7 Kxg7
23.fxe4 Rxe4 24.Bf2 Kh8 25.Bf3 Rg8+ 26.Kh1 Qxb2 27.Bxe4 Qxf2 28.cxb7 Ne5
29.Rc1 Qe3 30.Bg2 Nd3 31.Qf1 Nf2+ 32.Kg1 Nh3+ 33.Kh1 Nf2+  1/2-1/2

[Event "PAB Romania Open 2012"]
[Site "Arad ROU"]
[Date "2012.07.29"]
[Round "4.6"]
[White "Stegariu,V"]
[Black "Itkis,B"]
[Result "0-1"]
[WhiteElo "2236"]
[BlackElo "2437"]

1.d4 d6 2.Nf3 Nf6 3.c4 g6 4.Nc3 Bg7 5.e4 O-O 6.Be2 Nbd7 7.O-O e5 8.Re1 Re8
9.Bf1 a6 10.Rb1 exd4 11.Nxd4 c6 12.f3 d5 13.cxd5 cxd5 14.exd5 Rxe1 15.Qxe1 Nb6
16.Be3 Nbxd5 17.Nxd5 Nxd5 18.Bf2 Bd7 19.Bc4 Nf4 20.Ne2 Be6 21.Bxe6 Nxe6 22.Rd1 Qg5
23.Qd2 Rd8 24.Qc2 Rxd1+ 25.Qxd1 Bxb2 26.Qc2 Bg7 27.Qc8+ Qd8 28.Qxd8+ Nxd8
29.Nd4 Kf8 30.Kf1 Ke7 31.Ke2 Kd6 32.Kd3 Nc6 33.Nxc6 Kxc6 34.a4 b5 35.axb5+ Kxb5  0-1

[Event "PAB Romania Open 2012"]
[Site "Arad ROU"]
[Date "2012.07.29"]
[Round "4.19"]
[White "Pop,A"]
[Black "Lupascu,M"]
[Result "0-1"]
[WhiteElo "2270"]
[BlackElo "1991"]

1.d4 d6 2.Nf3 Nf6 3.c4 g6 4.Nc3 Bg7 5.e4 O-O 6.Be2 Na6 7.O-O e5 8.Be3 Ng4
9.Bg5 f6 10.Bc1 Nh6 11.h3 Nf7 12.Be3 c6 13.dxe5 dxe5 14.a3 Bh6 15.Bxh6 Nxh6
16.b4 Nc7 17.Qc1 Nf7 18.Rd1 Qe7 19.Qc2 Ne6 20.Na4 Nfg5 21.Nxg5 fxg5 22.c5 Nd4
23.Bc4+ Kg7 24.Qd3 g4 25.hxg4 Bxg4 26.Re1 Qh4 27.Ra2 Nf3+  0-1

[Event "Politiken Cup 2012"]
[Site "Helsingor DEN"]
[Date "2012.07.29"]
[Round "3.59"]
[White "Hagen,Ande"]
[Black "Svanholm,B"]
[Result "1/2-1/2"]
[WhiteElo "2130"]
[BlackElo "1905"]

1.d4 Nf6 2.c4 g6 3.Nc3 Bg7 4.e4 d6 5.Be2 O-O 6.Nf3 e5 7.d5 a5 8.Bg5 h6 9.Bh4 g5
10.Bg3 Nh5 11.Nd2 Nf4 12.O-O Na6 13.a3 Bd7 14.b3 b6 15.Re1 f5 16.exf5 Bxf5
17.Nde4 Nc5 18.f3 Nxe4 19.fxe4 Bd7 20.Bg4 Qe7 21.Bxd7 Qxd7 22.Rf1 g4  1/2-1/2

[Event "45th Biel Masters Open"]
[Site "Biel SUI"]
[Date "2012.07.30"]
[Round "7"]
[White "Meins,G"]
[Black "Maze,S"]
[Result "1-0"]
[WhiteElo "2475"]
[BlackElo "2573"]

1.d4 Nf6 2.c4 g6 3.Nc3 Bg7 4.e4 d6 5.Be2 O-O 6.Nf3 Na6 7.O-O e5 8.Be3 Ng4
9.Bg5 Qe8 10.dxe5 dxe5 11.h3 f6 12.Bd2 Nh6 13.c5 c6 14.Be3 f5 15.Bxh6 Bxh6
16.Qd6 Bg7 17.Rad1 Kh8 18.Rfe1 f4 19.Bxa6 bxa6 20.Qc7 g5 21.Nxg5 h6 22.Rd8 Qg6
23.Rxf8+ Bxf8 24.Nf7+ Kg8 25.Nxe5 Qh5 26.Qxc6 Rb8 27.Qc7  1-0

[Event "99th ch-GBR 2012"]
[Site "North Shields ENG"]
[Date "2012.07.30"]
[Round "7.25"]
[White "Elwin,A"]
[Black "Coathup,R"]
[Result "1/2-1/2"]
[WhiteElo "1985"]
[BlackElo "2136"]

1.d4 Nf6 2.c4 g6 3.Nc3 Bg7 4.e4 d6 5.Be2 O-O 6.Nf3 e5 7.dxe5 dxe5 8.Qxd8 Rxd8
9.Bg5 Re8 10.O-O-O h6 11.Bh4 Na6 12.Nd2 c6 13.f3 Be6 14.Bf2 Nd7 15.Nb3 Bf8
16.g4 Rec8 17.Kb1 b6 18.Be3 Kh7 19.f4 exf4 20.Bxf4 Bg7 21.Nd4 Ndc5 22.Bd6 Bd7
23.Rhf1 Kg8 24.h4 Re8 25.Bf3 Rad8 26.e5 Rc8 27.Rfe1 Ne6 28.Ne4 Nxd4 29.Rxd4 c5
30.Rdd1 Bc6 31.g5 hxg5 32.hxg5 Nb4 33.Nf6+ Bxf6 34.Bxc6 Nxc6 35.gxf6 Rcd8
36.Kc1 Nd4 37.Rh1 Ne2+ 38.Kb1 Ng3 39.Rh3 Nh5 40.Rhd3 Re6 41.Kc2 Kh7 42.Ra3 a5
43.Rb3 Nxf6 44.Rf1 Rdxd6 45.exd6 Rxd6 46.Rbf3 Kg7 47.Kb3 g5 48.Ka4 g4 49.Rf4 Kg6
50.Kb5 g3 51.R1f3 Kg5 52.Rf5+ Kg6 53.R5f4  1/2-1/2

[Event "Dutch Open 2012"]
[Site "Dieren NED"]
[Date "2012.07.31"]
[Round "7.1"]
[White "Ikonnikov,Vy"]
[Black "Hendriks,W"]
[Result "1-0"]
[WhiteElo "2537"]
[BlackElo "2422"]

1.d4 Nf6 2.Nf3 d6 3.c4 g6 4.Nc3 Bg7 5.e4 O-O 6.Be2 e5 7.O-O Na6 8.Be3 c6
9.d5 Ng4 10.Bg5 f6 11.Bh4 c5 12.Ne1 Nh6 13.a3 Nf7 14.Nd3 Bd7 15.Bg4 Be8 16.f4 h5
17.Be6 exf4 18.Nxf4 g5 19.Nxh5 gxh4 20.Qg4  1-0

[Event "21st Kavala Open A"]
[Site "Kavala GRE"]
[Date "2012.07.31"]
[Round "8"]
[White "Volkov,Sergey1"]
[Black "Pavlidis,Ant"]
[Result "1-0"]
[WhiteElo "2594"]
[BlackElo "2462"]

1.d4 Nf6 2.c4 g6 3.Nc3 Bg7 4.e4 d6 5.Be2 O-O 6.Nf3 e5 7.Be3 c6 8.d5 Na6 9.Nd2 cxd5
10.cxd5 Ne8 11.Nc4 f5 12.exf5 gxf5 13.f4 e4 14.O-O Bd7 15.a4 Nac7 16.Qd2 b6
17.Kh1 Kh8 18.h3 Qf6 19.g3 Bc8 20.Rf2 Bb7 21.g4 Qf7 22.Rd1 fxg4 23.Bxg4 Rd8
24.Bd4 Bxd4 25.Qxd4+ Qg7 26.Ne3 Qxd4 27.Rxd4 Nf6 28.Be6 Nd7 29.Kg1 Nc5 30.f5 Nd3
31.Rf1 Ba6 32.Nxe4 Nxb2 33.Rc1 Nxe6 34.dxe6 Nd3 35.Rc7 Rg8+ 36.Ng4 Rdf8 37.Nxd6 Ne5
38.Kf2  1-0

[Event "21st Kavala Open A"]
[Site "Kavala GRE"]
[Date "2012.07.31"]
[Round "8"]
[White "Saric,S"]
[Black "Kanakaris,G"]
[Result "0-1"]
[WhiteElo "2462"]
[BlackElo "2276"]

1.d4 Nf6 2.c4 g6 3.Nc3 Bg7 4.e4 d6 5.Nf3 O-O 6.Be2 e5 7.Be3 Ng4 8.Bg5 f6
9.Bc1 Nc6 10.h3 Nh6 11.d5 Nd4 12.Nxd4 exd4 13.Nb5 f5 14.Bxh6 Bxh6 15.exf5 Rxf5
16.Nxd4 Rf4 17.O-O Qf6 18.Nb5 Qg5 19.Qb3 Qd8 20.Rad1 Bg7 21.g3 Rf7 22.Kg2 Bd7
23.Nd4 Qc8 24.Bg4 Bxg4 25.hxg4 Qxg4 26.Qxb7 Re8 27.f3 Qxd4 28.Rxd4 Bxd4 29.b4 Rf5
30.Qxc7 Rh5 31.f4 Re2+ 32.Kf3 Re3+ 33.Kg4 Rh2 34.Qc8+ Kg7 35.Qd7+ Kg8 36.Qc8+ Kg7
37.Qd7+ Kg8 38.Qd8+ Kg7 39.f5 Re4+ 40.Rf4 gxf5+ 41.Kg5 h6+ 42.Kxf5 Re5+ 43.Kg4 h5+
44.Kf3 Re3+  0-1

[Event "Dutch Open 2012"]
[Site "Dieren NED"]
[Date "2012.08.01"]
[Round "8.9"]
[White "Evengroen,H"]
[Black "Schouten,N"]
[Result "0-1"]
[WhiteElo "1968"]
[BlackElo "2232"]

1.d4 Nf6 2.c4 g6 3.Nc3 Bg7 4.e4 d6 5.Nf3 O-O 6.Be2 e5 7.O-O Nbd7 8.Qc2 exd4
9.Nxd4 Nc5 10.Be3 Qe7 11.f3 c6 12.Rad1 a5 13.Na4 Nfd7 14.Nxc5 dxc5 15.Nb3 a4
16.Rxd7 axb3 17.Rxe7 bxc2 18.Rc1 Bxb2 19.Rxc2 Bf6 20.Bxc5 Bxe7 21.Bxe7 Re8
22.Bf6 Be6 23.f4 Ra4 24.g4 Rea8 25.f5 Bd7 26.Bb2 Rxa2 27.c5 Re8 28.Bc4 Ra4
29.fxg6 hxg6 30.g5 Rxe4 31.Rd2 Be8 32.Bd3 Rg4+ 33.Kf2 Rxg5 34.Re2 Bd7 35.Re7 Ra2  0-1

[Event "Politiken Cup 2012"]
[Site "Helsingor DEN"]
[Date "2012.08.02"]
[Round "7.51"]
[White "Hagen,Ande"]
[Black "Christensen,Ca"]
[Result "1-0"]
[WhiteElo "2130"]
[BlackElo "1985"]

1.d4 Nf6 2.c4 g6 3.Nc3 Bg7 4.e4 d6 5.Be2 O-O 6.Nf3 e5 7.d5 Nh5 8.g3 f5 9.exf5 Bxf5
10.Nh4 Nf4 11.Nxf5 Nxe2 12.Ne7+ Qxe7 13.Qxe2 Nd7 14.Ne4 h6 15.Be3 Nb6 16.Rc1 Kh7
17.h4 Qd7 18.Qd3 Qf5 19.h5 Kg8 20.hxg6 Qxg6 21.Rh4 Nd7 22.Ke2 Nf6 23.Nxf6+ Rxf6
24.Qxg6 Rxg6 25.Rch1 Kh7 26.g4 Kg8 27.f3 a5 28.Bxh6 Rxh6 29.Rxh6 Bxh6 30.Rxh6 Kg7
31.Re6 Kf7 32.Rh6 Kg7 33.Re6 Kf7 34.c5 dxc5 35.Rxe5 b5 36.Kd3 Rh8 37.Re2 Rd8
38.Re5 Rh8 39.b3 Rh1 40.Rh5 Rd1+ 41.Kc2 Rd4 42.Rh7+ Kg6 43.Rxc7 Rxd5 44.Ra7 b4
45.f4 c4 46.bxc4 Rd4 47.Ra6+ Kg7 48.Kb3  1-0

[Event "99th ch-GBR 2012"]
[Site "North Shields ENG"]
[Date "2012.08.02"]
[Round "10.7"]
[White "Weller,Jean-Luc"]
[Black "Ledger,D"]
[Result "0-1"]
[WhiteElo "2115"]
[BlackElo "2246"]

1.d4 Nf6 2.c4 g6 3.Nc3 Bg7 4.e4 d6 5.Nf3 O-O 6.Be2 e5 7.d5 a5 8.Bg5 h6 9.Bh4 Qe8
10.Nd2 Na6 11.O-O Nh7 12.a3 Bd7 13.Kh1 h5 14.f3 Bh6 15.b3 Be3 16.Rb1 f5 17.exf5 Bxf5
18.Nde4 Nc5 19.b4 axb4 20.axb4 Nxe4 21.fxe4 Bd7 22.Rxf8+ Qxf8 23.Qb3 Qf4
24.Bg3 Qg5 25.Nd1 Bd4 26.c5 Kg7 27.Qc2 Rf8 28.Qd3 Bg4 29.Bxg4 Qxg4 30.cxd6 cxd6
31.Ne3 Bxe3 32.Qxe3 Ng5 33.h3 Qxe4 34.Qxg5 Qxb1+ 35.Kh2 Rf1 36.Bxe5+ dxe5
37.Qxe5+ Rf6 38.d6 Qf5  0-1

[Event "99th ch-GBR 2012"]
[Site "North Shields ENG"]
[Date "2012.08.02"]
[Round "10.9"]
[White "Storey,Ch"]
[Black "Palliser,R"]
[Result "0-1"]
[WhiteElo "2247"]
[BlackElo "2482"]

1.c4 Nf6 2.Nc3 g6 3.e4 d6 4.d4 Bg7 5.Nf3 O-O 6.Be2 Nbd7 7.O-O e5 8.d5 Nc5
9.Qc2 a5 10.Be3 Nfd7 11.Nd2 f5 12.f3 f4 13.Bf2 g5 14.b3 Nf6 15.a3 g4 16.Bxc5 dxc5
17.fxg4 Bxg4 18.h3 Bd7 19.a4 Ne8 20.Qd1 Ra6 21.Bg4 Rg6 22.Bxd7 Qxd7 23.Rf3 Bf6
24.Kf1 Kh8 25.Ra2 Rfg8 26.Ndb1 Nd6 27.Rd3 Qg7 28.Qe2 Nf7 29.Nb5 Ng5 30.Nd2 Nxh3
31.Rxh3 Rxg2 32.Qh5 c6 33.Ke1 cxb5 34.Kd1 b4 35.Kc2 Rxd2+ 36.Kxd2 Qg2+ 37.Kd3 Qf1+
38.Re2 Qd1+ 39.Rd2 Rg3+ 40.Rxg3 Qxh5  0-1

[Event "Tabor Open 2012"]
[Site "Tabor CZE"]
[Date "2012.08.02"]
[Round "6.4"]
[White "Kislik,E"]
[Black "Ganaus,H"]
[Result "1/2-1/2"]
[WhiteElo "2408"]
[BlackElo "2318"]

1.d4 Nf6 2.c4 g6 3.Nc3 Bg7 4.e4 d6 5.Nf3 O-O 6.Be2 e5 7.O-O c6 8.Qc2 Nbd7
9.Rd1 Nh5 10.dxe5 dxe5 11.g3 Re8 12.Rb1 Qc7 13.b4 Nf8 14.Bb2 Bg4 15.Ne1 Bxe2
16.Nxe2 Ne6 17.Nf3 a5 18.a3 axb4 19.axb4 f6 20.c5 Bf8 21.Qb3 Ng7 22.Bc1 Red8
23.Be3 Rxd1+ 24.Rxd1 Qf7 25.Rd3 Rd8 26.Nd2 Rxd3 27.Qxd3 Ne8 28.Nc4 N8c7 29.f4 exf4
30.gxf4 Nb5 31.Nd6 Bxd6 32.cxd6 Nf8 33.e5 Qe6 34.Nd4 Nxd4 35.Qxd4 Nd7 36.exf6 Nxf6
37.Qe5 Kf7 38.Bd4 Qxe5 39.fxe5 Nd7 40.Kf2 Ke6 41.Ke3 Kf5 42.Bc3 b5 43.Bd4 Nf8
44.Kd3 Ke6 45.Ke4 Kd7 46.Be3 Ne6 47.Kf3 Ke8 48.Kg3 Kd7 49.Kh4 Ke8 50.Kg4 Kd7
51.h3 Ke8 52.h4 h5+ 53.Kf3 Kd7 54.Ke4  1/2-1/2

[Event "Tabor Open 2012"]
[Site "Tabor CZE"]
[Date "2012.08.02"]
[Round "6.31"]
[White "Popelka,O"]
[Black "Vojacek,Z"]
[Result "1-0"]
[WhiteElo "2030"]
[BlackElo "1897"]

1.c4 Nf6 2.Nc3 g6 3.e4 d6 4.d4 Bg7 5.Nf3 O-O 6.Be2 Nbd7 7.O-O e5 8.dxe5 dxe5
9.h3 c6 10.Be3 Qe7 11.Qc2 Nh5 12.Rfe1 Nf4 13.Bf1 Nc5 14.Rad1 Nce6 15.Qc1 Ng5
16.Nxg5 Qxg5 17.Kh2 Qh5 18.Ne2 Bg4 19.f3 Nxe2 20.fxg4 Nxc1 21.gxh5 Nxa2 22.h6 Bf6
23.Bc5 Rfd8 24.Ra1 b6 25.Ba3 Bh4 26.g3 Rd2+ 27.Re2 Rxe2+ 28.Bxe2 Rd8 29.gxh4 Rd2
30.Re1 Nc1 31.Rxc1 Rxe2+ 32.Kg3 Rxe4 33.Rd1 Rd4 34.Rxd4 exd4 35.Bd6 f5 36.Bb8 a5
37.Bc7 b5 38.cxb5 cxb5 39.Bxa5 Kf7 40.Bb6 d3 41.Kf3 f4 42.Ba5 Ke6 43.Kxf4 Kd5
44.Ke3 Kc4 45.Bc3 b4 46.Bf6  1-0

[Event "Tabor Open 2012"]
[Site "Tabor CZE"]
[Date "2012.08.02"]
[Round "6.30"]
[White "Kudrlicka,L"]
[Black "Marik,M"]
[Result "1-0"]
[WhiteElo "2071"]
[BlackElo "1948"]

1.d4 Nf6 2.c4 g6 3.Nc3 Bg7 4.e4 d6 5.Nf3 O-O 6.Be2 e5 7.dxe5 dxe5 8.Qxd8 Rxd8
9.Bg5 Re8 10.O-O-O c6 11.h3 Nbd7 12.Be3 b6 13.Rd2 Bf8 14.Rhd1 Nc5 15.Bd3 a5
16.Bc2 Nfd7 17.b3 f6 18.a3 Re7 19.b4 axb4 20.axb4 Na6 21.b5 cxb5 22.cxb5 Nb4
23.Bb3+ Kg7 24.Nd5 Nxd5 25.Bxd5 Ra1+ 26.Kb2 Rxd1 27.Rxd1 Nc5 28.Bxc5 bxc5
29.b6 Bb7 30.Ra1 Bxd5 31.exd5 Kh6 32.Ra8 Bg7 33.Nd2 f5 34.Nc4 e4+ 35.Kc2 f4
36.d6 Rb7 37.Rc8 e3 38.fxe3 fxe3 39.Kd3  1-0

[Event "38th Badalona Open A"]
[Site "Badalona ESP"]
[Date "2012.08.03"]
[Round "3.8"]
[White "Colon Garcia,E"]
[Black "Lorenzo de la Riva,L"]
[Result "1/2-1/2"]
[WhiteElo "2339"]
[BlackElo "2444"]

1.d4 Nf6 2.c4 g6 3.Nc3 Bg7 4.e4 d6 5.Be2 O-O 6.Nf3 e5 7.d5 a5 8.Bg5 Na6 9.Nd2 Nc5
10.b3 Bd7 11.a3 Qe8 12.Rb1 h6 13.Be3 Ncxe4 14.Ndxe4 Nxe4 15.Nxe4 f5 16.Nc3 f4
17.Bd2 e4 18.O-O f3 19.gxf3 e3 20.Be1 Bh3 21.Ne4 Bxf1 22.Bxf1 exf2+ 23.Bxf2 Qf7
24.Bg2 Rae8 25.Qd3 b6 26.b4 axb4 27.axb4 Be5 28.Bg3 Qg7 29.Bh3 Ra8 30.Be6+ Kh7
31.Rf1 Bxg3 32.hxg3 Ra1 33.f4 Rxf1+ 34.Kxf1 Qb2 35.Qc3 Qb1+ 36.Qe1 Qb2 37.Qc3 Qb1+  1/2-1/2

[Event "Politiken Cup 2012"]
[Site "Helsingor DEN"]
[Date "2012.08.03"]
[Round "8.8"]
[White "Teplyi,I"]
[Black "Schou Moldt,T"]
[Result "0-1"]
[WhiteElo "2388"]
[BlackElo "2222"]

1.d4 d6 2.Nf3 g6 3.c4 Nf6 4.Nc3 Bg7 5.e4 O-O 6.Be2 Na6 7.O-O e5 8.Re1 Qe8
9.Bf1 Bg4 10.d5 Nb4 11.Be2 a5 12.Be3 Na6 13.h3 Bd7 14.Nd2 Kh8 15.Nb5 b6 16.b3 Ng8
17.Rc1 Bh6 18.Rc3 f5 19.exf5 gxf5 20.Bh5 Qd8 21.Bxh6 Nxh6 22.f4 Qf6 23.Nf3 e4
24.Nfd4 Rg8 25.Kh2 Rg7 26.Ree3 Rag8 27.Rg3 Ng4+ 28.hxg4 fxg4 29.Kg1 Qh6 30.Qe2 Qxh5
31.Qxe4 Nc5 32.Qe2 Bxb5 33.Nxb5 Qf5 34.Qe3 h5 35.Nd4 Qf6 36.Ne6 h4 37.Nxg7 Qxg7
38.Rxg4 Qxg4 39.Qh3 Ne4 40.Re3  0-1

[Event "99th ch-GBR 2012"]
[Site "North Shields ENG"]
[Date "2012.08.03"]
[Round "11.23"]
[White "Shaw,P"]
[Black "Lenier,J"]
[Result "1/2-1/2"]
[WhiteElo "2168"]
[BlackElo "2016"]

1.d4 Nf6 2.c4 g6 3.Nc3 Bg7 4.e4 d6 5.Nf3 O-O 6.Be2 e5 7.Be3 Ng4 8.Bg5 f6
9.Bh4 Nc6 10.d5 Ne7 11.Nd2 Nh6 12.f3 c5 13.dxc6 bxc6 14.b4 Be6 15.Nb3 g5
16.Bf2 f5 17.O-O d5 18.cxd5 cxd5 19.Nxd5 Nxd5 20.exd5 Bxd5 21.Rc1 e4 22.fxe4 fxe4
23.Rc5 Bxb3 24.Qxb3+ Kh8 25.Rd5 Qc7 26.Bc5 Rxf1+ 27.Bxf1 Ng4 28.Qg3 Qf7 29.Bc4 e3
30.Qf3 Qf4 31.Qxf4 gxf4 32.Bxa7 Ne5 33.Bb3 e2 34.Kf2 Nc6 35.Kxe2 Nxa7 36.Kf3 Rb8  1/2-1/2

[Event "Olomouc Summer Open"]
[Site "Olomouc CZE"]
[Date "2012.08.03"]
[Round "2.6"]
[White "Camarena Gimenez,R"]
[Black "Hrabal,M"]
[Result "1-0"]
[WhiteElo "2396"]
[BlackElo "2101"]

1.d4 Nf6 2.c4 g6 3.Nc3 Bg7 4.e4 d6 5.Nf3 O-O 6.Be2 e5 7.d5 a5 8.Bg5 h6 9.Bh4 Na6
10.Nd2 Qe8 11.a3 Bd7 12.b3 Nh7 13.Rb1 f5 14.f3 g5 15.Bf2 f4 16.b4 axb4 17.axb4 Nf6
18.c5 Rf7 19.Nc4 Bf8 20.c6 bxc6 21.dxc6 Bc8 22.b5 Nc5 23.Bxc5 dxc5 24.O-O g4
25.b6 cxb6 26.Nxb6 Rg7 27.Nxa8 g3 28.Bc4+ Kh7 29.hxg3 fxg3 30.f4 Bg4 31.Qd3 Qh5
32.Qxg3 Bh3 33.Rb7 Nd7 34.cxd7 Rxg3 35.d8=Q+  1-0

[Event "Olomouc Summer Open"]
[Site "Olomouc CZE"]
[Date "2012.08.03"]
[Round "2.15"]
[White "Nikolaev,L"]
[Black "Zdrazil,T"]
[Result "1/2-1/2"]
[WhiteElo "2271"]
[BlackElo "2032"]

1.d4 Nf6 2.Nf3 g6 3.c4 Bg7 4.Nc3 O-O 5.e4 d6 6.Be2 e5 7.d5 a5 8.Bg5 Na6 9.Nd2 Qe8
10.h4 Nxe4 11.Ndxe4 f5 12.Ng3 f4 13.Nge4 h6 14.Bg4 hxg5 15.Bxc8 Rxc8 16.hxg5 Qd7
17.Qf3 Kf7 18.O-O-O Rh8 19.g3 Qf5 20.Nb5 Ke7 21.g4 Qd7 22.Kb1 Kf7 23.Qa3 Rxh1
24.Rxh1 Qxg4 25.Qxa5 Qf3 26.Re1 Qd3+ 27.Ka1 Kg8 28.Qc3 Qxc3 29.Nbxc3 Kf7
30.Rh1 Nb4 31.Kb1 Rh8 32.Rxh8 Bxh8 33.Nb5 Na6 34.a3 Ke7 35.Kc2 Bg7 36.Kd3 Kd7
37.b4 Bf8 38.Nbc3 Be7 39.Nb1 c6 40.Nbc3 Nc7 41.b5 c5 42.a4 b6 43.Nf6+ Kc8
44.Nce4 Kd8 45.Nd2 Ne8 46.Nxe8 Kxe8 47.Ne4 Kd7 48.Nf6+ Kc7 49.f3 Bd8 50.Kc3 Kc8
51.Kd3 Kc7 52.Ke2 Be7 53.Kf2 Kd8 54.Kg2 Kc7 55.Kh3 Kc8 56.Kg4 Kd8 57.Kh4 Bf8
58.Kh3 Be7 59.Kg4 Bf8 60.Ne4 Be7 61.Nc3 Kd7 62.Ne2 Bd8 63.Nc1 Kc7 64.Nd3 Kd7
65.Ne1 Ke7 66.Nd3 Kd7 67.Nf2 Be7 68.Ne4 Kd8 69.Kh3 Kd7 70.Kg2 Kd8 71.Kf2 Kd7
72.Ke2 Bd8 73.Kd3 Bc7 74.Kc3 Bd8 75.Kb3 Kc7 76.Nf6 Be7 77.Kc3 Kb7 78.Ne8 Kc8
79.Kd3 Kd7 80.Nf6+ Kd8  1/2-1/2

[Event "Tabor Open 2012"]
[Site "Tabor CZE"]
[Date "2012.08.03"]
[Round "7.9"]
[White "Zapletal,Jindrich"]
[Black "Michalek,J"]
[Result "1-0"]
[WhiteElo "2168"]
[BlackElo "2327"]

1.d4 g6 2.c4 Nf6 3.Nc3 Bg7 4.e4 d6 5.Nf3 O-O 6.Be2 Nbd7 7.O-O e5 8.Bg5 exd4
9.Nxd4 Re8 10.Qd2 Nc5 11.f3 Nfxe4 12.fxe4 Bxd4+ 13.Qxd4 Qxg5 14.Nd5 Re5 15.Nxc7 Rxe4
16.Qf2 Bf5 17.Nxa8 Qd8 18.b4  1-0

[Event "Tabor Open 2012"]
[Site "Tabor CZE"]
[Date "2012.08.03"]
[Round "7.2"]
[White "Ganaus,H"]
[Black "Neuman,P"]
[Result "1/2-1/2"]
[WhiteElo "2318"]
[BlackElo "2476"]

1.d4 g6 2.Nf3 Bg7 3.c4 Nf6 4.Nc3 O-O 5.e4 d6 6.Be2 e5 7.O-O Nh5 8.Bg5 f6
9.Be3 Nf4 10.Bxf4 exf4 11.Qd2 g5 12.h3 f5 13.exf5 Bxf5 14.Bd3 Nc6 15.Bxf5 Rxf5
16.Nd5 h6 17.Rae1 Rf7 18.Re4 Ne7  1/2-1/2

[Event "FSIMB August 2012"]
[Site "Budapest HUN"]
[Date "2012.08.04"]
[Round "1.2"]
[White "Samhouri,A"]
[Black "Kahn,E"]
[Result "1/2-1/2"]
[WhiteElo "2373"]
[BlackElo "2261"]

1.d4 Nf6 2.Nf3 g6 3.c4 Bg7 4.Nc3 O-O 5.e4 d6 6.Be2 e5 7.d5 a5 8.Bg5 h6 9.Bh4 Na6
10.O-O Bd7 11.Nd2 Qe8 12.Rb1 Nh7 13.b3 h5 14.f3 Bh6 15.a3  1/2-1/2